[Event "SVK-chT4 A22 1718"]
[Site "Slovakia"]
[Date "2018.02.25"]
[Round "10.6"]
[White "Parak, Vladimir"]
[Black "Sarkozi, Szabolcs"]
[Result "0-1"]
[WhiteElo "1789"]
[BlackElo "1677"]
[PlyCount "106"]
[EventDate "2017.10.01"]
[EventType "team-tourn"]
[EventRounds "11"]
[EventCountry "SVK"]
[SourceTitle "EXT 2020"]
[Source "ChessBase"]
[SourceDate "2019.10.17"]
[SourceVersion "1"]
[SourceVersionDate "2019.10.17"]
[SourceQuality "1"]

1. d4 Nf6 2. c4 g6 3. g3 Bg7 4. Bg2 d5 5. cxd5 Nxd5 6. e4 Nb6 7. Ne2 0-0 8. 0-0 Nc6 9. d5 Ne5 10. Nbc3 e6 11. f4 Ng4 12. h3 Nf6 13. dxe6 Bxe6 14. Qc2 Qc8 15. f5 gxf5 16. exf5 Bc4 17. Rd1 Re8 18. Nd4 c6 19. Qf2 Nbd5 20. Nxd5 Bxd5 21. Rf1 Bxg2 22. Qxg2 Qd8 23. Nb3 Nd5 24. Qf3 a5 25. Bf4 a4 26. Nd2 Nxf4 27. Qxf4 Qd4+ 28. Qf2 Re2 29. Qxd4 Bxd4+ 30. Kh1 Rxd2 31. Rf4 Bxb2 32. Rb1 a3 33. f6 Re8 34. Rg4+ Kh8 35. Rf4 Red8 36. g4 Rd1+ 37. Rxd1 Rxd1+ 38. Kg2 Rd6 39. g5 h6 40. Rh4 Kg8 41. Rxh6 c5 42. Rh4 Rd4 43. Rh6 Bc1 44. Rh5 c4 45. h4 c3 46. g6 fxg6 47. Rc5 Bb2 48. Kf3 Kf7 49. h5 gxh5 50. Ke3 Rd6 51. Ke4 Re6+ 52. Kd3 Kxf6 53. Rxh5 Rd6+ 0-1

[Event "SVK-chT4 A22 1718"]
[Site "Slovakia"]
[Date "2018.01.14"]
[Round "7.2"]
[White "Parak, Vladimir"]
[Black "Barca, Michal"]
[Result "1-0"]
[WhiteElo "1781"]
[BlackElo "1769"]
[PlyCount "125"]
[EventDate "2017.10.01"]
[EventType "team-tourn"]
[EventRounds "11"]
[EventCountry "SVK"]
[SourceTitle "EXT 2020"]
[Source "ChessBase"]
[SourceDate "2019.10.17"]
[SourceVersion "1"]
[SourceVersionDate "2019.10.17"]
[SourceQuality "1"]

1. e4 d5 2. exd5 Qxd5 3. Nc3 Qd6 4. d4 Nf6 5. Nf3 Bg4 6. h3 Bxf3 7. Qxf3 c6 8. Be3 e6 9. Bd3 Nd5 10. Nxd5 cxd5 11. 0-0 Be7 12. c4 Qd8 13. c5 Nc6 14. a3 0-0 15. Rfd1 e5 16. dxe5 Nxe5 17. Qf5 Nxd3 18. Rxd3 Qc8 19. Qxc8 Raxc8 20. Rxd5 Rc7 21. Rad1 Rfc8 22. Rd7 Kf8 23. Rxc7 Rxc7 24. b4 g5 25. Rd5 f6 26. Rf5 Kf7 27. Kf1 Ke6 28. g4 Rd7 29. Ke2 Bd8 30. Bd2 Be7 31. Bc3 Bd8 32. Rf3 Be7 33. Re3+ Kd5 34. Rd3+ Ke6 35. Rxd7 Kxd7 36. Kd3 Ke6 37. Ke4 a6 38. a4 Bd8 39. b5 axb5 40. axb5 Bc7 41. Bd2 Bd8 42. Be3 Bc7 43. Kd4 Bd8 44. Kc4 Bc7 45. b6 Bd8 46. c6 bxc6 47. b7 Bc7 48. Ba7 Ke5 49. b8Q Bxb8 50. Bxb8+ Ke4 51. Bg3 f5 52. f3+ Kxf3 53. gxf5 Kxg3 54. f6 Kxh3 55. f7 h5 56. f8Q g4 57. Qf1+ Kh2 58. Qf2+ Kh3 59. Qg1 g3 60. Kd3 h4 61. Ke2 Kg4 62. Qd4+ Kg5 63. Kf3 1-0